000 00383 a2200109 4500
001 ART_11178
005 20260410161855.0
008 260409a
245 1 0 _aLa función del estado en la economía frente a la política económica exterior y la política fiscal
100 1 _aAlemann, Roberto T.
773 0 _tRevista de Economía
_g- Nº 36 (mar. 1983)
_wREV11077
999 _c25374
_d25374